| 000 | 00608nam a2200205Ia 4500 | ||
|---|---|---|---|
| 003 | GCL | ||
| 008 | 140319s9999 xx 000 0 ara d | ||
| 040 |
_aGCL / _cGCL |
||
| 082 | 0 | 4 |
_a811.6 _bا د |
| 100 | 1 | _aانطوان الفوال | |
| 245 | 1 | 0 |
_aديوان ابى العيناء ونوادرة / _cانطوان الفوال |
| 700 | 1 | _aابى العيناء، محمد بن القاسم | |
| 300 | _a145 ص | ||
| 490 | _a | ||
| 650 | 0 | 4 | _aالشعر العربى |
| 650 | 0 | 4 | _aالادب العربى |
| 650 | 0 | 4 | _aدواوين وقصائد |
| 650 | 0 | 4 | _aابى العيناء |
| 942 |
_2ddc _cBK |
||
| 999 |
_c44232 _d44232 |
||